| 000 | 01194nam0a2200289 4500 | ||
|---|---|---|---|
| 001 | RU\NLR\BIBL_A\011764454 | ||
| 005 | 20180806114719.0 | ||
| 010 |
_a5-978-4242-0618-4 _9100 |
||
| 021 |
_aRU _bКН-П-18-034481 _9КН-П-18-2504 |
||
| 035 | _a(NLR Aleph) 011764454 | ||
| 090 |
_a11693677 _c11693677 |
||
| 100 | _a20180806d2017 k y0rusy50 ca | ||
| 101 | 0 | _anog | |
| 102 | _aRU | ||
| 105 | _ay z 000 y | ||
| 200 | 1 |
_aКызыклы дерислер _eокытувшыга ярдамга _fСалимет Майлыбаева, Сания Кошанова |
|
| 210 |
_aМахачкала _cАЛЕФ _cТерекли-Мектеб _d2017 |
||
| 215 |
_a249 с. _d21 |
||
| 541 | 1 |
_aИнтересные уроки _zrus |
|
| 606 | 1 |
_aНогайский язык _xПреподавание _xСредняя школа _92279225 _3RU\NLR\AUTH\6601594024 |
|
| 686 | 1 | _aЧ426.151 | |
| 700 | 1 |
_4070 _7ca _8rus _aМайлыбаева _bС. А. _f1965- _gСалимет Ахматовна _9206328 _3RU\NLR\AUTH\770206380 |
|
| 701 | 1 |
_aКошанова _bС. Н. _gСания Нумеровна _4070 |
|
| 852 |
_aNLR _bОНЛ _jНог./3-479 |
||
| 942 | _cBOOK | ||
| 980 | _aNB | ||